[Event "Chigorin Mem Classic Open"]
[Site "St Petersburg RUS"]
[Date "2010.10.30"]
[Round "3"]
[White "Kovalev,Vl"]
[Black "Makarov,M"]
[Result "1/2-1/2"]
[WhiteElo "2328"]
[BlackElo "2521"]

1.e4 c5 2.Nf3 d6 3.d4 cxd4 4.Nxd4 Nf6 5.Nc3 a6 6.Be3 e5 7.Nf3 Be7 8.Bc4 O-O
9.O-O Nc6 10.Bg5 Be6 11.Bb3 Nd7 12.Bxe7 Qxe7 13.Nd5 Qd8 14.Qe2 Nc5 15.Rad1 Nxb3
16.axb3 f5 17.exf5 Bxf5 18.Ne3 Bg6 19.Qc4+ Kh8 20.Qg4 Qe8 21.Rxd6 Bh5 22.Qd7 Bxf3
23.gxf3 Nd4 24.Qxe8 Raxe8 25.Rd1 Nxf3+ 26.Kg2 e4 27.Rd7 b5 28.R7d6 Re5 29.R6d5 Rxd5
30.Rxd5 Kg8 31.Rd6 a5 32.Rb6 Rc8 33.Rxb5  1/2-1/2

[Event "14th OIBM"]
[Site "Bad Wiessee GER"]
[Date "2010.10.31"]
[Round "2.20"]
[White "Rau,J"]
[Black "Naumann,Al"]
[Result "0-1"]
[WhiteElo "2147"]
[BlackElo "2544"]

1.e4 c5 2.Nf3 d6 3.d4 cxd4 4.Nxd4 Nf6 5.Nc3 a6 6.Be3 e6 7.Be2 Qc7 8.a4 Nc6
9.f4 Be7 10.O-O O-O 11.Kh1 Re8 12.Bd3 Nb4 13.Qe1 Ng4 14.Bg1 e5 15.Nf5 Bxf5
16.exf5 Nf6 17.Qd2 Bf8 18.Rae1 Rad8 19.Ne4 Nbd5 20.a5 Rc8 21.fxe5 dxe5 22.Nxf6+ Nxf6
23.Bb6 Qc6 24.c3 Bc5 25.Bxc5 Qxc5 26.c4 e4 27.Be2 e3 28.Qc1 Ne4 29.Rf3 Qxa5
30.Bf1 Qd2 31.Kg1 Qxc1 32.Rxc1 Nd2  0-1

[Event "Chigorin Mem Classic Open"]
[Site "St Petersburg RUS"]
[Date "2010.10.31"]
[Round "4"]
[White "Areshchenko,A"]
[Black "Shomoev,A"]
[Result "1-0"]
[WhiteElo "2664"]
[BlackElo "2536"]

1.e4 c5 2.Nf3 d6 3.d4 cxd4 4.Nxd4 Nf6 5.Nc3 a6 6.Be3 e6 7.f3 b5 8.g4 h6 9.Qd2 b4
10.Nce2 Nbd7 11.O-O-O Qc7 12.Kb1 Bb7 13.Nf4 e5 14.Nfe6 fxe6 15.Nxe6 Qc6 16.h4 Ke7
17.Nxf8 Nxf8 18.Qxb4 Ne6 19.Rh2 a5 20.Qa3 Ba6 21.Rhd2 Rhd8 22.g5 hxg5 23.hxg5 Nh5
24.Bxa6 Rxa6 25.Rd5 Kf7 26.Rxa5 Rc8 27.Rd2 Rxa5 28.Qxa5 Nhf4 29.Bxf4 Nxf4
30.Qa7+ Rc7 31.Qg1 Qc5 32.Qd1 Rc6 33.c3 Rb6 34.Qa4 Qc7 35.b4 Ne6 36.Qb3 Ke7
37.g6 Kf6 38.a4 Rb7 39.a5 Qc6 40.Kb2 Nc5 41.Qc4 Ne6 42.Kb3 Nc5+ 43.Kc2 Qa4+
44.Kb2 Rd7 45.f4 exf4 46.Qd4+ Kxg6 47.Qd5 Qb3+ 48.Qxb3 Nxb3 49.Kxb3  1-0

[Event "Chigorin Mem Classic Open"]
[Site "St Petersburg RUS"]
[Date "2010.10.31"]
[Round "4"]
[White "Letov,P"]
[Black "Sharafiev,A"]
[Result "0-1"]
[WhiteElo "2264"]
[BlackElo "2445"]

1.e4 c5 2.Nf3 d6 3.d4 cxd4 4.Nxd4 Nf6 5.Nc3 a6 6.Be3 e5 7.Nb3 Be7 8.f3 Be6
9.Qd2 O-O 10.O-O-O b5 11.g4 b4 12.Na4 Nbd7 13.g5 Nh5 14.Qxb4 d5 15.Bc5 Nxc5
16.Naxc5 a5 17.Qa4 Bxc5 18.Nxc5 Qxg5+ 19.Kb1 Qe3 20.Nxe6 fxe6 21.Bb5 Qxf3
22.exd5 exd5 23.Bc6 Rad8 24.Qxa5 Nf4 25.a4 e4 26.Rhf1 Qh5 27.Rd4 Qe5 28.c3 Rd6
29.Qc5 e3 30.Rfxf4 Rxf4 31.Bxd5+ Rxd5 32.Rxd5 Qe4+ 33.Ka2 Qxa4+ 34.Qa3 Qe8
35.Qd6 e2 36.Re5 Qa8+ 37.Kb1 Rf1+ 38.Kc2 Qa4+  0-1

[Event "Chigorin Mem Classic Open"]
[Site "St Petersburg RUS"]
[Date "2010.10.31"]
[Round "4"]
[White "Stukopin,A"]
[Black "Grigoryan,K2"]
[Result "0-1"]
[WhiteElo "2458"]
[BlackElo "2290"]

1.e4 c5 2.Nf3 d6 3.d4 cxd4 4.Nxd4 Nf6 5.Nc3 a6 6.Be3 e5 7.Nb3 Be7 8.Qd2 Be6
9.O-O-O Nbd7 10.f4 Qc7 11.f5 Bc4 12.g4 h6 13.Qg2 b5 14.h4 b4 15.Nd5 Nxd5
16.exd5 Bxf1 17.Qxf1 a5 18.Kb1 a4 19.Nd2 Nf6 20.Qb5+ Qd7 21.Qxb4 Nxd5 22.Qa3 Qb7
23.Nc4 O-O 24.Qd3 Nb4 25.Qe2 Rfc8 26.f6 Qe4 27.fxe7 Rxc4 28.Rxd6 Rxc2 29.Rd8+ Kh7
30.Qxc2 Qxc2+ 31.Ka1 Qc4 32.Kb1 Qe4+  0-1

[Event "Chigorin Mem Classic Open"]
[Site "St Petersburg RUS"]
[Date "2010.11.02"]
[Round "6"]
[White "Zaryvkina,A"]
[Black "Ivanov,Ro"]
[Result "1/2-1/2"]
[WhiteElo "2063"]
[BlackElo "2247"]

1.e4 c5 2.Nf3 d6 3.d4 cxd4 4.Nxd4 Nf6 5.Nc3 a6 6.Be3 e5 7.Nb3 Be7 8.f3 O-O
9.Qd2 Be6 10.O-O-O b5 11.g4 Nbd7 12.Kb1 Nb6 13.Qf2 Nfd7 14.h4 Nc4 15.Bc1 Qc7
16.Nd5 Bxd5 17.Rxd5 Rfc8 18.g5 Ndb6 19.Rd3 a5 20.Bh3 Rd8 21.Rhd1 Nd7 22.Rd5 Qc6
23.Nd2 Ncb6 24.Bxd7 Rxd7 25.Rd3 b4 26.Nf1 Rb7 27.Ne3 Bf8 28.h5 Na4 29.Nd5 Rab8
30.Qe3 Nc5 31.R3d2 a4 32.h6 g6 33.f4 b3 34.cxb3 axb3 35.a3 Rc8 36.Nc3 Na4
37.Rd3 Nb6 38.fxe5 dxe5 39.Rd8 Rbb8 40.Rxc8 Rxc8 41.Rd3 Nc4 42.Qa7 Nd6 43.Qa5 Nxe4
44.Qxe5 Nc5 45.Rd1 Na4 46.Rd3 Qg2 47.Rd2 Qf1 48.Rd1 Qf3 49.Ne4 Qxd1 50.Nf6+ Kh8
51.Ne4+ Kg8 52.Nf6+  1/2-1/2

[Event "Chigorin Mem Classic Open"]
[Site "St Petersburg RUS"]
[Date "2010.11.02"]
[Round "6"]
[White "Petrosian,DG"]
[Black "Belousov,D"]
[Result "1-0"]
[WhiteElo "2487"]
[BlackElo "2344"]

1.e4 c5 2.Nf3 d6 3.d4 cxd4 4.Nxd4 Nf6 5.Nc3 a6 6.Be3 Ng4 7.Bg5 h6 8.Bh4 g5
9.Bg3 Bg7 10.h3 Ne5 11.Nf5 Bxf5 12.exf5 Nbc6 13.Nd5 e6 14.fxe6 fxe6 15.Ne3 O-O
16.Be2 d5 17.O-O Ng6 18.Bg4 Qf6 19.Re1 Nf4 20.c4 d4 21.Bxf4 Qxf4 22.Bxe6+ Kh8
23.Ng4 Rae8 24.Qd3 Rxe6 25.Rxe6 h5 26.Nh2 Qxf2+ 27.Kh1 Qxb2 28.Rf1 Rxf1+
29.Qxf1 Qc2 30.Qf7 Qd1+ 31.Nf1 Ne5 32.Re8+ Kh7 33.Rxe5  1-0

[Event "Chigorin Mem Classic Open"]
[Site "St Petersburg RUS"]
[Date "2010.11.02"]
[Round "6"]
[White "Gantsevich,A"]
[Black "Denisov,I"]
[Result "0-1"]
[WhiteElo "2071"]
[BlackElo "2267"]

1.e4 c5 2.Nf3 d6 3.d4 cxd4 4.Nxd4 Nf6 5.Nc3 a6 6.Be3 e5 7.Nb3 Be6 8.f3 h5
9.Qd2 Nbd7 10.O-O-O b5 11.Nd5 Bxd5 12.exd5 Nb6 13.Bxb6 Qxb6 14.Kb1 g6 15.Qa5 Qb7
16.c4 bxc4 17.Bxc4 Bg7 18.Qa3 Qc7 19.Rc1 O-O 20.Bxa6 Qd7 21.Rc6 Nxd5 22.Rxd6 Qf5+
23.Ka1 Ne3 24.Bd3 Rxa3 25.Bxf5 Nxf5 26.Rd7 Ra6 27.Nc5 Rc6 28.Ne4 Nd4 29.Kb1 f5
30.Ng5 Ne6 31.Nxe6 Rxe6 32.Rhd1 e4 33.R7d6 Rxd6 34.Rxd6 Re8 35.fxe4 fxe4
36.Rd2 Bh6 37.Re2 Rc8 38.b3 e3 39.a4 Kf7 40.Kb2 Ke6 41.a5 Kd5 42.b4 Kd4 43.Kb3 Bf8
44.Ka4 Kd3 45.Re1 Kd2 46.Ra1 e2 47.a6 Bxb4 48.Kxb4 e1=Q  0-1

[Event "TCh-CHN"]
[Site "Beijing CHN"]
[Date "2010.11.03"]
[Round "17"]
[White "Wang Hao"]
[Black "Xu Jun"]
[Result "1/2-1/2"]
[WhiteElo "2715"]
[BlackElo "2513"]

1.e4 c5 2.Nf3 d6 3.d4 cxd4 4.Nxd4 Nf6 5.Nc3 a6 6.Be3 Ng4 7.Bg5 h6 8.Bh4 g5
9.Bg3 Bg7 10.h3 Nf6 11.Qf3 Qb6 12.O-O-O Nc6 13.Nxc6 Qxc6 14.Be2 Nd7 15.Nd5 Ne5
16.Qa3 Rb8 17.Qa5 Be6 18.Nc7+ Kf8 19.Nxe6+ fxe6 20.f3 Rc8 21.c3 Nc4 22.Bxc4 Qxc4
23.Bf2 Kf7 24.Rhe1 Rc6 25.Kb1 b6 26.Qa3 Rhc8 27.Bd4 Bxd4 28.Rxd4 Qb5 29.Kc2 Rc4
30.Red1 Rxd4 31.Rxd4 Qf1 32.Rd2 Rc4 33.b3  1/2-1/2

[Event "TCh-CHN"]
[Site "Beijing CHN"]
[Date "2010.11.03"]
[Round "17"]
[White "Yu Yangyi"]
[Black "Wen Yang"]
[Result "1-0"]
[WhiteElo "2574"]
[BlackElo "2520"]

1.e4 c5 2.Nc3 d6 3.Nf3 Nf6 4.d4 cxd4 5.Nxd4 a6 6.Be3 e5 7.Nb3 Qc7 8.a4 Be7
9.Be2 b6 10.Qd3 Nbd7 11.Qc4 Qxc4 12.Bxc4 Bb7 13.Nd2 O-O 14.f3 Rfc8 15.Ke2 d5
16.Nxd5 Nxd5 17.exd5 Nf6 18.Bg5 Rc5 19.Be3 Rcc8 20.Bg5 Rc5 21.Bxf6 Bxf6 22.Rhd1 Rac8
23.b3 b5 24.axb5 axb5 25.Ne4 bxc4 26.Nxc5 Rxc5 27.Ra7 Rb5 28.bxc4 Rb2 29.c5 h5
30.Rd2 Kh7 31.c6 Bc8 32.Ra8 Bf5 33.c7  1-0

[Event "VII Open"]
[Site "Figueira da Foz POR"]
[Date "2010.11.03"]
[Round "5.3"]
[White "Stets,D"]
[Black "Spraggett,K"]
[Result "0-1"]
[WhiteElo "2454"]
[BlackElo "2571"]

1.e4 c5 2.Nc3 d6 3.Nf3 a6 4.d4 cxd4 5.Nxd4 Nf6 6.Be3 Nc6 7.f3 e6 8.Qd2 Be7
9.O-O-O O-O 10.g4 Nd7 11.h4 Nde5 12.Qg2 Qc7 13.Kb1 b5 14.g5 Bd7 15.f4 Nxd4
16.Bxd4 b4 17.Ne2 Rfc8 18.Ng3 Nc6 19.Bf6 Bf8 20.Rg1 a5 21.Nh5 g6 22.Bd3 b3
23.c3 bxa2+ 24.Ka1 a4 25.f5 Na5 26.fxg6 fxg6 27.c4 e5 28.Qf2 Be6  0-1

[Event "Chigorin Mem Classic Open"]
[Site "St Petersburg RUS"]
[Date "2010.11.04"]
[Round "8"]
[White "Petrosian,DG"]
[Black "Kurukin,D"]
[Result "1/2-1/2"]
[WhiteElo "2487"]
[BlackElo "2277"]

1.e4 c5 2.Nf3 d6 3.Nc3 Nf6 4.d4 cxd4 5.Nxd4 a6 6.Be3 e5 7.Nf3 Qc7 8.a4 Be7
9.a5 O-O 10.Be2 Nc6 11.Bb6 Qb8 12.Nd2 Be6 13.Nc4 Bxc4 14.Bxc4 Bd8 15.Nd5 Nxd5
16.exd5 Bxb6 17.dxc6 Bc5 18.cxb7 Qxb7 19.Bd5 Qb4+ 20.Kf1 Qb5+ 21.Kg1 Rab8
22.Bb3 Kh8 23.h4 f5 24.h5 h6 25.Rh3 e4 26.Qf1 Qc6 27.Rd1 f4 28.Qe2 Rf5 29.Kh2 f3
30.gxf3 exf3 31.Qd3 Rbf8 32.Bd5 Qa4 33.Be4 Rf4 34.Bxf3 Rh4 35.c4 Rd4 36.Qe2 Rxd1
37.Qxd1 Qxc4 38.Kg2 Qb4 39.Qe2 Qd4 40.Rg3 d5 41.Rg4 Qf6 42.b4 Bd4  1/2-1/2

[Event "TCh-CZE 2010-11"]
[Site "Frydek Mistek CZE"]
[Date "2010.11.06"]
[Round "1.6"]
[White "Jasny,S"]
[Black "Michenka,J"]
[Result "1/2-1/2"]
[WhiteElo "2351"]
[BlackElo "2372"]

1.e4 c5 2.Nf3 d6 3.d4 cxd4 4.Nxd4 Nf6 5.Nc3 a6 6.Be3 e5 7.Nb3 Be7 8.Qd2 O-O
9.O-O-O Be6 10.f4 Ng4 11.g3 Nxe3 12.Qxe3 Nd7 13.Kb1 Qb6 14.Qxb6 Nxb6 15.f5 Bd7
16.Na5 Bc6 17.Nc4 Nc8 18.h4 Rd8 19.Ne3 b5 20.Ncd5 Rd7 21.g4 f6 22.Bh3 Bd8
23.g5 Nb6 24.Nxb6 Bxb6 25.Nd5 Bxd5 26.Rxd5 Rc8 27.Rhd1 Rc6 28.g6 h6 29.Bf1 Bf2
30.h5 Kf8 31.c3 Ke7 32.a4 bxa4 33.Ra5 Ra7 34.Rxa4 a5 35.Bc4 Rcc7 36.Bd5 Bb6
37.Kc2 Kd7 38.Rda1 Kc8 39.Kd3 Kb8 40.b4 axb4 41.cxb4 Rxa4 42.Rxa4 Rc8 43.Ra8+ Kc7
44.Kc4 Rd8 45.Rxd8 Kxd8 46.Bc6 d5+ 47.Kxd5 Ke7 48.Ba4 Bc7 49.b5 Bb8 50.b6 Bd6
51.Kc6 Bb8 52.Kb7 Bd6 53.Kc8 Bc5 54.b7 Bd6 55.Bb5 Kf8 56.Kd7 Bb8 57.Bc4 Ba7
58.Kc7 Ke7 59.Bf7 Kf8 60.b8=Q+ Bxb8+ 61.Kxb8 Ke7 62.Kc7 Kf8 63.Ba2 Ke7 64.Bb3 Kf8
65.Kd6 Ke8 66.Ke6 Kf8 67.Kd7  1/2-1/2

[Event "TCh-CZE 2010-11"]
[Site "Frydek Mistek CZE"]
[Date "2010.11.07"]
[Round "2.8"]
[White "Ondrus,M"]
[Black "Novotny,M1"]
[Result "1-0"]
[WhiteElo "2284"]
[BlackElo "2255"]

1.e4 c5 2.Nf3 d6 3.d4 cxd4 4.Nxd4 Nf6 5.Nc3 a6 6.Be3 e5 7.Nb3 Be6 8.f3 Nbd7
9.Qd2 h5 10.Be2 Be7 11.Nd5 Nxd5 12.exd5 Bf5 13.c4 a5 14.Rc1 b6 15.O-O Bf6
16.f4 e4 17.Nd4 g6 18.Nc6 Qc7 19.Bd4 O-O 20.h3 Bxd4+ 21.Qxd4 Nb8 22.g4 hxg4
23.hxg4 Nxc6 24.dxc6 Bc8 25.Qxe4 Ba6 26.Bf3 d5 27.Qxd5 Qxf4 28.Qe4 Qg3+ 29.Bg2 Rae8
30.Qf4 Qh4 31.Rc3 Bc8 32.Rh3 Qxg4 33.Qf6 Qxh3 34.Bxh3 Bxh3 35.Rf4 Re6 36.Qc3 Bf5
37.c7 Rfe8 38.c5 bxc5 39.Qxc5 Re1+ 40.Rf1 Rxf1+ 41.Kxf1 a4 42.b4 axb3 43.axb3  1-0

[Event "Russia Cup Final KO"]
[Site "Belgorod RUS"]
[Date "2010.11.12"]
[Round "3.2"]
[White "Andriasian,Z"]
[Black "Sjugirov,S"]
[Result "1-0"]
[WhiteElo "2585"]
[BlackElo "2626"]

1.e4 c5 2.Nf3 d6 3.d4 cxd4 4.Nxd4 Nf6 5.Nc3 a6 6.Be3 e5 7.Nf3 Be7 8.Bc4 O-O
9.O-O Nc6 10.Bg5 Be6 11.Bb3 Nd7 12.Bxe7 Qxe7 13.Nd5 Qd8 14.Qe2 Nc5 15.Rad1 Kh8
16.h3 f5 17.Nc3 Rc8 18.Bxe6 Nxe6 19.exf5 Rxf5 20.Qd3 Rf6 21.Qxd6 Qxd6 22.Rxd6 Ned4
23.Nxe5 Nf3+ 24.gxf3 Nxe5 25.Rxf6 gxf6 26.Rd1 Nxf3+ 27.Kf1 Rc7 28.Ke2 Ne5
29.f4 Ng6 30.Kf3 Kg7 31.Rd6 h5 32.Nd5 Rxc2 33.Rd7+ Kh6 34.Rxb7 Nh4+ 35.Ke4 Re2+
36.Kd3 Rh2 37.Nxf6 Rxh3+ 38.Ke4 Rh1 39.Ng8+ Kg6 40.Ne7+ Kf6 41.Nd5+ Kg6 42.Rb6+ Kg7
43.Nf6 Re1+ 44.Kd3 Kg6 45.Rxa6 Nf5 46.Ng4+ Kg7 47.Ra5 Kg6 48.Ne5+ Kf6 49.Ra6+ Ke7
50.Ra7+ Ke6 51.a4 h4 52.a5 Ra1 53.Kc4 h3 54.Rh7 Rxa5 55.Rxh3 Nd6+ 56.Kb3 Rb5+
57.Ka4 Rb8 58.b4 Kf5 59.Rh6 Ra8+ 60.Kb3 Nb5 61.Kc4 Na3+ 62.Kc5 Rb8 63.Nc6 Rb5+
64.Kd4 Rb7 65.Rh4 Nb5+ 66.Kc5 Nc3 67.Kd4 Nb5+ 68.Ke3 Nc3 69.Rh5+ Kf6 70.Rc5 Nb5
71.Ne5 Nc7 72.Nd3 Nb5 73.Ke4 Rb6 74.Rf5+ Ke7 75.Rh5 Nc3+ 76.Kd4 Nb5+ 77.Kc5 Rb8
78.Ne5 Ke6 79.Nc6  1-0

[Event "ch-UKR w"]
[Site "Poltava UKR"]
[Date "2010.11.16"]
[Round "4"]
[White "Doluhanova,E"]
[Black "Zdebskaja,N"]
[Result "1/2-1/2"]
[WhiteElo "2266"]
[BlackElo "2383"]

1.e4 c5 2.Nf3 d6 3.d4 Nf6 4.Nc3 cxd4 5.Nxd4 a6 6.Be3 e5 7.Nf3 Qc7 8.a4 Be6
9.Be2 Nbd7 10.O-O Be7 11.a5 O-O 12.Ne1 Rac8 13.Nd5 Nxd5 14.exd5 Bf5 15.c4 Bg6
16.b4 f5 17.f4 Bf6 18.Rc1 Rfe8 19.Nf3 exf4 20.Bxf4 b6 21.Kh1 Ne5 22.c5 bxc5
23.bxc5 Qxa5 24.cxd6 Rcd8 25.Ra1 Qc5 26.Rxa6 Ng4 27.Bg3 f4 28.Rc6 Qe3 29.Ng1 fxg3
30.Bxg4 gxh2 31.Nf3 Be4 32.d7 Rf8 33.Be6+ Kh8 34.Qe1 Qd3 35.Qd1 Qe3 36.Qe1 Qd3
37.Qd1 Qe3 38.Qe1 Qd3  1/2-1/2

[Event "60th ch-RUS w"]
[Site "Moscow RUS"]
[Date "2010.11.20"]
[Round "5"]
[White "Shadrina,T"]
[Black "Bodnaruk,A"]
[Result "1-0"]
[WhiteElo "2384"]
[BlackElo "2407"]

1.e4 c5 2.Nf3 d6 3.d4 cxd4 4.Nxd4 Nf6 5.Nc3 a6 6.Be3 e5 7.Nf3 Qc7 8.a4 Be7
9.Be2 O-O 10.O-O Nbd7 11.Bg5 h6 12.Bh4 b6 13.Nd2 Bb7 14.Bc4 g5 15.Bg3 Nxe4
16.Ndxe4 Bxe4 17.Bxf7+ Rxf7 18.Nxe4 Qc6 19.Nc3 Nf6 20.f3 Qc4 21.Qd3 Rc8 22.Qg6+ Rg7
23.Qxh6 Qe6 24.Rae1 Qf5 25.Qh3 Qxh3 26.gxh3 Kf7 27.Re2 Ke6 28.Rd1 Rc4 29.Rd3 Rg8
30.b3 Rc6 31.Na2 b5 32.Nb4 Rcc8 33.axb5 axb5 34.Kg2 Rc7 35.Rd1 Ra8 36.Rd4 Rac8
37.Rd1 Ra8 38.h4 gxh4 39.Bxh4 Rg8+ 40.Bg3 Nh5 41.Kf2 Bd8 42.Nd3 Kf5 43.Nb4 Rh7
44.Rxd6 Nxg3 45.hxg3 Rh2+ 46.Ke3 Rxe2+ 47.Kxe2 Be7 48.g4+ Kg5 49.Rd5 Bxb4
50.Rxe5+ Kf6 51.Rxb5 Re8+ 52.Kd3 Be1 53.Rf5+ Kg6 54.c4 Rb8 55.Rb5 Rd8+ 56.Rd5 Rb8
57.Kc2 Rf8 58.Kd1 Bb4 59.Rb5 Bc3 60.Ke2 Rf7 61.c5 Be5 62.c6 Bd6 63.Rd5 Bb4
64.Rd4 Bc5 65.Rc4 Bb6 66.b4 Kg5 67.Re4 Ra7 68.Kd3 Ra3+ 69.Kc4 Rxf3 70.Kb5 Bc7
71.Re7 Bd6 72.Rd7 Bg3 73.Kb6 Rb3 74.b5 Bf2+ 75.Ka6 Ra3+ 76.Kb7 Ra7+ 77.Kb8 Ra5
78.Rd5+ Kxg4 79.c7 Bg3 80.Kb7  1-0

[Event "TCh-NED"]
[Site "Netherlands NED"]
[Date "2010.11.20"]
[Round "3.4"]
[White "Lobzhanidze,Davit"]
[Black "Van der Stricht,G"]
[Result "0-1"]
[WhiteElo "2497"]
[BlackElo "2392"]

1.e4 c5 2.Nf3 d6 3.d4 cxd4 4.Nxd4 Nf6 5.Nc3 a6 6.Be3 e5 7.Nf3 Be7 8.Bc4 O-O
9.O-O Nc6 10.Qe2 Na5 11.Bd5 Be6 12.Rfd1 Qc8 13.Bg5 Qc7 14.Bxf6 Bxf6 15.Bb3 Rac8
16.Rac1 b5 17.Nd5 Bxd5 18.Bxd5 Qb6 19.h4 h5 20.Ng5 Bxg5 21.hxg5 g6 22.Qf3 Qd8
23.Qf6 Qxf6 24.gxf6 g5 25.Rd3 Nc6 26.Rg3 g4 27.Bxc6 Rxc6 28.f3 Kh7 29.fxg4 h4
30.Rh3 Kg6 31.Rxh4 Kxf6 32.c3 Ke7 33.g5 Rg8 34.Rf1 Rg7 35.Rh8 Rc4 36.Re1 Rxg5
37.Ra8 Ra4 38.a3 Rg4 39.Ra7+ Ke6 40.Rf1 f6 41.Re1 Rgxe4 42.Rxe4 Rxe4 43.Kf2 Ra4
44.Ke3 f5 45.g3 Kd5 46.Rf7 Re4+ 47.Kd2 Ke6 48.Rh7 Rg4 49.Rh3 Kd5 50.Kd3 Rg6
51.b3 Rg4 52.Ke3 Rxg3+  0-1

[Event "TCh-FIN 2010-11"]
[Site "Helsinki FIN"]
[Date "2010.11.21"]
[Round "5.3"]
[White "Nieminen,K"]
[Black "Hartikainen,M"]
[Result "1/2-1/2"]
[WhiteElo "2180"]
[BlackElo "2308"]

1.e4 c5 2.Nf3 d6 3.d4 cxd4 4.Nxd4 Nf6 5.Nc3 a6 6.Be3 e5 7.Nf3 Qc7 8.a4 Be7
9.Be2 O-O 10.O-O h6 11.a5 Be6 12.Ne1 Nbd7 13.Nd5 Nxd5 14.exd5 Bf5 15.c4 Bg5
16.Bxg5 hxg5 17.b4 Rac8 18.Qd2 Qd8 19.Ra3 g4 20.Rg3 Nf6 21.Ra3 Ne4 22.Qe3 Qg5
23.f4 gxf3 24.Nxf3 Qxe3+ 25.Rxe3  1/2-1/2

[Event "XXIII Belgrade Trophy"]
[Site "Obrenovac SRB"]
[Date "2010.11.26"]
[Round "3.22"]
[White "Szabo,G ROM"]
[Black "Ravic,N"]
[Result "1-0"]
[WhiteElo "2540"]
[BlackElo "2287"]

1.e4 c5 2.Nf3 d6 3.d4 cxd4 4.Nxd4 Nf6 5.Nc3 a6 6.Be3 e6 7.f3 b5 8.Qd2 Nbd7
9.g4 h6 10.O-O-O Bb7 11.h4 b4 12.Na4 d5 13.Bh3 g5 14.Bg2 Rg8 15.hxg5 hxg5
16.Bxg5 Nxe4 17.fxe4 Qxg5 18.exd5 Bxd5 19.Bxd5 Qxd5 20.c4 Qg5 21.Qxg5 Rxg5
22.Nf3 Rg8 23.Rxd7 Kxd7 24.Nb6+ Kc6 25.Nxa8 Kb7 26.Ne5 Kxa8 27.Nxf7 Rxg4
28.b3 Bg7 29.Nd8 Bc3 30.Nxe6 Rg2 31.Rh7 Rxa2 32.c5 Re2 33.Nc7+ Kb7 34.Ne6+ Kc6
35.Rc7+ Kb5 36.Rb7+ Kc6 37.Rb6+ Kd7 38.Rd6+ Ke7 39.Nf4 Rh2 40.Nd5+ Ke8 41.c6 Bb2+
42.Kd1 Rh1+ 43.Kc2  1-0

[Event "60th ch-GRE"]
[Site "Vrahati GRE"]
[Date "2010.11.26"]
[Round "1.1"]
[White "Kapnisis,S"]
[Black "Banikas,H"]
[Result "1/2-1/2"]
[WhiteElo "2511"]
[BlackElo "2590"]

1.e4 c5 2.Nf3 d6 3.d4 cxd4 4.Nxd4 Nf6 5.Nc3 a6 6.Be3 e5 7.Nf3 Qc7 8.a4 Be7
9.a5 Nc6 10.Bb6 Qd7 11.Nd5 O-O 12.Nd2 Nd4 13.Nxf6+ Bxf6 14.c3 Nb5 15.Bc4 Qe7
16.Bd5 Nc7 17.Bxc7 Qxc7 18.Qb3 Bd8 19.O-O Kh8 20.Nc4 Qe7 21.Qb4 Bc7 22.f4 exf4
23.e5 Rd8 24.Rad1 Bg4 25.Bf3 Bxf3 26.Rxf3 Bb8 27.exd6 Qe2 28.Rdf1 Ba7+ 29.Kh1 g5
30.Nb6 Bxb6 31.Qxb6 Qe4 32.Rd1 Rd7 33.Rff1 Re8 34.Qf2 Re6 35.Qc5 Kg7 36.Rd2 Re5
37.Qc8 Qc6 38.Qxc6 bxc6 39.b4 Rd5 40.Rxd5 cxd5 41.Rd1 Rxd6 42.c4 d4 43.Kg1 d3
44.Kf2 d2 45.Ke2 Rd4 46.b5 Rxc4 47.b6 Rc5 48.Kxd2 Rd5+ 49.Kc2 Rxa5 50.Rb1 Rc5+
51.Kb3 Rb5+ 52.Kc2 Rc5+ 53.Kb3 Rb5+ 54.Kc2  1/2-1/2

[Event "XXIII Belgrade Trophy"]
[Site "Obrenovac SRB"]
[Date "2010.11.27"]
[Round "4.72"]
[White "Milanovic,Ma"]
[Black "Nikolic,Ma"]
[Result "1-0"]
[WhiteElo "1811"]
[BlackElo "2038"]

1.e4 c5 2.Nf3 d6 3.d4 cxd4 4.Nxd4 Nf6 5.Nc3 a6 6.Be3 e5 7.Nb3 Be7 8.f3 b5
9.Qd2 Be6 10.O-O-O O-O 11.g4 b4 12.Nd5 Bxd5 13.exd5 a5 14.Kb1 Nfd7 15.g5 Nb6
16.Rg1  1-0

[Event "Podgaets Memorial"]
[Site "Odessa UKR"]
[Date "2010.11.27"]
[Round "8"]
[White "Bulanov,D"]
[Black "Kozak,L"]
[Result "1-0"]
[WhiteElo "2370"]
[BlackElo "2340"]

1.e4 c5 2.Nf3 d6 3.d4 Nf6 4.Nc3 cxd4 5.Nxd4 a6 6.Be3 e5 7.Nb3 Be6 8.Be2 Be7
9.Nd5 Nbd7 10.Qd3 Bxd5 11.exd5 O-O 12.O-O Re8 13.c4 Bf8 14.Rac1 a5 15.Nd2 g6
16.Nb1 Nc5 17.Qc2 Nfd7 18.Nc3 f5 19.f3 Nf6 20.a3 e4 21.f4 Qb6 22.Kh1 h5 23.h3 a4
24.Nxa4 Qd8 25.Nc3 h4 26.Qd1 Bh6 27.Rc2 Qe7 28.Nb5 Rac8 29.Nd4 Nd3 30.Ne6 b5
31.b3 Ra8 32.Ra2 bxc4 33.bxc4 Nb4 34.Ra1 Na6 35.Rb1 Nd7 36.Rb7 Reb8 37.Qb3 Qe8
38.Rxb8 Rxb8 39.Qa4 Nac5 40.Qc6 Rb6 41.Qc7 Qb8 42.Bxc5 Qxc7 43.Nxc7 Nxc5
44.Nb5 Kf7 45.g4 hxg3 46.Kg2 Kf6 47.h4 Bf8 48.Kxg3 Be7 49.h5 gxh5 50.Rh1 Rb8
51.Rxh5 Rg8+ 52.Kf2 Kg6 53.Rh1 Rg7 54.Nd4 Bf8 55.Rh5 Nd3+ 56.Ke3 Ne1 57.Rg5+ Kh7
58.Rxg7+ Bxg7 59.Nxf5  1-0

[Event "TCh-SVK Extraliga 2010-11"]
[Site "Cadca SVK"]
[Date "2010.11.28"]
[Round "2"]
[White "Jurcik,Mart"]
[Black "Michenka,J"]
[Result "1/2-1/2"]
[WhiteElo "2378"]
[BlackElo "2372"]

1.e4 c5 2.Nf3 d6 3.d4 cxd4 4.Nxd4 Nf6 5.Nc3 a6 6.Be3 e5 7.Nb3 Be7 8.Qd2 Be6
9.f4 Qc7 10.h3 exf4 11.Bxf4 Nh5 12.Bg5 Ng3 13.Rg1 Nc6 14.O-O-O O-O-O 15.Bd3 Nb4
16.Kb1 h6 17.Be3 d5 18.exd5 Nxd5 19.Nxd5 Rxd5 20.Nd4 Rhd8 21.Qf2 Bf6 22.Nxe6 fxe6
23.Bf4 Be5 24.Bxe5 Qxe5 25.Rde1 Qd6 26.Qe3 Re8 27.Qa7 Kc7  1/2-1/2

[Event "TCh-SVK Extraliga 2010-11"]
[Site "Kosice SVK"]
[Date "2010.11.28"]
[Round "2"]
[White "Petenyi,T"]
[Black "Macak,S"]
[Result "1/2-1/2"]
[WhiteElo "2393"]
[BlackElo "2400"]

1.e4 c5 2.Nf3 d6 3.d4 cxd4 4.Nxd4 Nf6 5.Nc3 a6 6.Be3 e6 7.f3 b5 8.Qd2 Nbd7
9.O-O-O Bb7 10.g4 Nb6 11.Qf2 Nfd7 12.Bd3 Rc8 13.Nce2 Nc4 14.Bxc4 Rxc4 15.Kb1 Be7
16.h4 O-O 17.g5 d5  1/2-1/2

[Event "WY U-16 Olympiad"]
[Site "Burdur TUR"]
[Date "2010.11.29"]
[Round "5"]
[White "Narayanan,Sri"]
[Black "Gabuzyan,H"]
[Result "0-1"]
[WhiteElo "2350"]
[BlackElo "2287"]

1.e4 c5 2.Nf3 d6 3.d4 cxd4 4.Nxd4 Nf6 5.Nc3 a6 6.Be3 e5 7.Nb3 Be7 8.f4 Nbd7
9.Qe2 O-O 10.g4 d5 11.exd5 exf4 12.Bd4 Re8 13.O-O-O Bd6 14.Qg2 Ne5 15.h3 b5
16.g5 Nh5 17.Bf2 f3 18.Qg1 Bf5 19.Nd4 Qd7 20.Nxf5 Qxf5 21.Kb1 Rac8 22.Bd3 Nxd3
23.cxd3 Nf4 24.Qg4 Qxg4 25.hxg4 Bb4 26.Ne4 Nxd5 27.a3 Bf8 28.Rh2 Nf4 29.Rdh1 Nxd3
30.Nc3 h6 31.Ka2 Rxc3  0-1

[Event "XXIII Belgrade Trophy"]
[Site "Obrenovac SRB"]
[Date "2010.11.29"]
[Round "6.20"]
[White "Dragomirescu,R"]
[Black "Stojkovic,Mir"]
[Result "1-0"]
[WhiteElo "2411"]
[BlackElo "2242"]

1.e4 c5 2.Nf3 d6 3.d4 cxd4 4.Nxd4 Nf6 5.Nc3 a6 6.Be3 e5 7.Nb3 Be6 8.f3 Be7
9.Qd2 O-O 10.O-O-O Nbd7 11.g4 b5 12.g5 b4 13.Ne2 Ne8 14.f4 a5 15.f5 a4 16.fxe6 axb3
17.cxb3 fxe6 18.Kb1 Qa5 19.Nc1 Nc5 20.Bc4 Nc7 21.Qg2 Rf4 22.Bxf4 exf4 23.g6 h6
24.Qg4 Rf8 25.Rhf1 Nxe4 26.Bxe6+ Kh8 27.Rxf4 Nf6 28.Qf5 d5 29.Bf7 Qa6 30.Rh4 Ne4
31.Rxe4 dxe4 32.Qd7 Bf6 33.Qxc7 e3 34.Qc5 Rc8 35.Qxe3 Bg5 36.Qe4 Qd6 37.Re1  1-0

[Event "WY U-16 Olympiad"]
[Site "Burdur TUR"]
[Date "2010.11.30"]
[Round "6"]
[White "Stukopin,A"]
[Black "Ferreira,Jor1"]
[Result "1-0"]
[WhiteElo "2458"]
[BlackElo "2359"]

1.e4 c5 2.Nf3 d6 3.d4 Nf6 4.Nc3 cxd4 5.Nxd4 a6 6.Be3 Nc6 7.Be2 e6 8.O-O Be7
9.f4 Qc7 10.a4 O-O 11.Kh1 Re8 12.Bf3 Bd7 13.Nb3 b6 14.g4 Bc8 15.g5 Nd7 16.Bg2 Bb7
17.Rf3 Nb4 18.Rh3 g6 19.Qd2 Bf8 20.Rf1 Rac8 21.Qf2 Bg7 22.f5 Ne5 23.Qh4 h5
24.gxh6 Bf8 25.h7+ Kh8 26.Qf6+ Bg7 27.Qxg7+ Kxg7 28.f6+  1-0

[Event "XXIII Belgrade Trophy"]
[Site "Obrenovac SRB"]
[Date "2010.11.30"]
[Round "7.14"]
[White "Bergsson,Sn"]
[Black "Popovic,Du"]
[Result "0-1"]
[WhiteElo "2304"]
[BlackElo "2546"]

1.e4 c5 2.Nf3 d6 3.d4 cxd4 4.Nxd4 Nf6 5.Nc3 a6 6.Be3 e5 7.Nb3 Be7 8.f3 Be6
9.Qd2 O-O 10.O-O-O Qc7 11.g4 Rc8 12.Kb1 d5 13.exd5 Nxd5 14.Nxd5 Bxd5 15.Qf2 Qc6
16.Bd3 a5 17.Nd2 Nd7 18.c4 Be6 19.Ne4 Nf8 20.Rc1 b5 21.Nd2 bxc4 22.Nxc4 Qa4
23.Qe2 Rab8 24.Rc2 e4 25.fxe4 Bf6 26.Bc1 Nd7 27.Bf4 Be5 28.Bxe5 Nxe5 29.Rhc1 Rd8
30.Rc3 Rxd3 31.Rxd3 Bxc4  0-1

[Event "WY U-16 Olympiad"]
[Site "Burdur TUR"]
[Date "2010.12.02"]
[Round "7"]
[White "Ferreira,Jor1"]
[Black "Buyukasik,D"]
[Result "1-0"]
[WhiteElo "2359"]
[BlackElo "2045"]

1.e4 c5 2.Nf3 d6 3.d4 cxd4 4.Nxd4 Nf6 5.Nc3 a6 6.Be3 e6 7.g4 b5 8.g5 Nfd7
9.Qh5 g6 10.Qe2 Bb7 11.Bg2 Ne5 12.O-O-O Nbd7 13.f4 Nc4 14.f5 e5 15.Nb3 Nxe3
16.Qxe3 gxf5 17.h4 f4 18.Qf3 Qc7 19.Nd5 Bxd5 20.exd5 Be7 21.Bh3 a5 22.Qd3 b4
23.Kb1 a4 24.Nd2 Rb8 25.Ne4 Kd8 26.h5 Nc5 27.Nxc5 Qxc5 28.Qf5 Qc7 29.Rhg1 Bf8
30.Qf6+  1-0

[Event "WY U-16 Olympiad"]
[Site "Burdur TUR"]
[Date "2010.12.04"]
[Round "10"]
[White "Nazarov,R"]
[Black "Narayanan,Sri"]
[Result "0-1"]
[WhiteElo "2024"]
[BlackElo "2350"]

1.e4 c5 2.Nf3 d6 3.d4 cxd4 4.Nxd4 Nf6 5.Nc3 a6 6.Be3 e5 7.Nb3 Be6 8.f3 Nbd7
9.Qd2 b5 10.O-O-O Be7 11.g4 O-O 12.g5 Nh5 13.Nd5 Bxd5 14.exd5 b4 15.h4 a5
16.Bh3 f5 17.Qd3 g6 18.Qb5 Rf7 19.Nd2 Rb8 20.Qa4 Rc8 21.Bf1 Qc7 22.Bb5 Bd8
23.Nc4 Nc5 24.Bxc5 Qxc5 25.Ba6 Ra8 26.Bb5 Rb8 27.Ba6 Ra7 28.Qe8+ Kg7 29.Kb1 Qc7
30.Bb5 Bxg5 31.Qc6 Be7 32.Qxc7 Rxc7 33.Bc6 Ra7 34.Rhe1 Bxh4 35.Re2 Be7 36.Nxe5 dxe5
37.Rxe5 Bd6 38.Re6 Rd8  0-1